[Event "11th Tal Memorial Rapid 2018"]
[Site "Moscow"]
[Date "2018.03.04"]
[Round "8"]
[White "Svidler, Peter"]
[Black "Gelfand, Boris"]
[Result "1/2-1/2"]
[WhiteElo "2760"]
[BlackElo "2695"]
[Annotator "TA"]
[PlyCount "82"]
[EventDate "2018.??.??"]
[EventType "rapid"]
[EventCountry "RUS"]
[SourceTitle "playchess.com"]
[Source "ChessBase"]
[SourceQuality "1"]

{[%evp 24,82,46,21,48,45,55,47,60,36,33,0,27,19,37,27,12,12,42,31,25,16,50,44,55,36,44,0,78,43,40,53,43,50,52,22,36,52,61,66,114,119,106,104,84,0,6,6,0,10,8,0,0,0,0,0,0,0,0,0,0]} 1. Nf3 c5 2. c4 Nf6 3. b3 g6 4. Bb2 Bg7 5. g3 b6 6. Bg2 Bb7 7. O-O O-O 8. d4 cxd4 9. Qxd4 d6 10. Nc3 Nbd7 11. Qd2 {A30: Symmetrical English: Double Fianchetto and Hedgehog} a6 12. Rfd1 Rc8 13. Rac1 {LiveBook: 12 Games. White is slightly better.} Re8 (13... Rc7 14. Nd4 Bxg2 15. Kxg2 Qa8+ 16. f3 Rd8 17. e4 e6 18. Nc2 Ne8 19. Ne3 h5 {1-0 (43) Karjakin,S (2785)-Salem,A (2656) Doha 2016}) 14. Ne1 $146 ({Predecessor:} 14. Nd4 Bxg2 15. Kxg2 Qc7 16. e4 Qb7 17. f3 h5 18. Qe2 e6 19. Qf2 d5 20. cxd5 exd5 21. exd5 Nxd5 {½-½ (38) Pribyl,J (2392)-Stocek,J (2592) Tatranske Zruby 2005}) 14... Qc7 15. Nd5 Qb8 16. Bh3 Ne4 17. Qc2 Bxb2 18. Qxb2 e6 19. Ne3 Ng5 20. Bg2 Bxg2 21. Kxg2 f5 22. Nd3 Qb7+ 23. f3 Nf7 24. Nf4 Rc5 25. Nd3 Rc7 (25... Rcc8 $11 {keeps the balance.}) 26. h4 b5 27. cxb5 axb5 28. Rxc7 Qxc7 29. Qd4 Qb7 30. Rc1 e5 31. Qc3 $1 ({Much weaker is} 31. Qd5 Qa7 $11) 31... Nf6 {[#]} 32. Nb4 $1 f4 33. gxf4 Nh5 34. Ned5 (34. fxe5 $16 Nf4+ 35. Kf1 Nxe5 36. Qc7 Qxc7 37. Rxc7 Nxf3 38. Nbd5 Nd2+ 39. Kf2 Ne4+ 40. Kf3) 34... Nxf4+ $11 {The position is equal.} 35. Nxf4 exf4 36. Rc2 Nh6 $1 $132 {[%cal Rh6f5][%mdl 2048] Black puts up resistance} 37. Rd2 {Nd5 is the strong threat.} Qe7 38. Nd5 Qxh4 39. Nf6+ Kf7 40. Nxe8 Qg3+ 41. Kf1 Qh3+ {Precision: White = 54%, Black = 48%.} 1/2-1/2

[Event "11th Tal Memorial Rapid 2018"]
[Site "Moscow"]
[Date "2018.03.04"]
[Round "9"]
[White "Grischuk, Alexander"]
[Black "Nakamura, Hikaru"]
[Result "1/2-1/2"]
[WhiteElo "2767"]
[BlackElo "2787"]
[Annotator "TA"]
[PlyCount "191"]
[EventDate "2018.??.??"]
[EventType "rapid"]
[EventCountry "RUS"]
[SourceTitle "playchess.com"]
[Source "ChessBase"]
[SourceQuality "1"]

{[%evp 14,191,8,7,8,5,6,6,5,17,29,24,20,22,25,41,43,27,37,23,35,29,35,46,35,28,32,41,31,37,60,33,42,22,22,23,22,23,27,0,0,0,25,0,5,7,6,0,0,0,52,58,85,75,73,76,70,41,102,0,64,0,0,0,0,0,0,0,105,3,10,0,0,0,0,0,0,0,0,0,156,0,105,104,495,494,584,574,541,507,465,217,230,0,0,0,0,0,22,22,64,0,0,0,0,0,0,0,0,0,0,0,0,0,0,0,0,0,0,0,0,0,0,0,0,0,0,0,0,0,0,0,0,0,0,0,0,0,0,0,0,0,0,0,0,0,0,0,0,0,0,0,0,0,0,0,0,0,0,0,0,0,0,0,0,0,0,0,0,0,0,0,0,0,0,0,0,0,0,0]} 1. c4 Nf6 2. Nc3 e6 3. e4 d5 4. cxd5 exd5 5. e5 Ne4 6. Nf3 Bf5 {A18: English Opening: Flohr-Mikenas System (1 c4 Nf6 2 Nc3 e6 3 e4)} 7. d3 (7. a3 Be7 8. d4 c5 9. Bd3 Nc6 10. dxc5 Bxc5 11. O-O O-O 12. Qc2 Nd4 13. Nxd4 Bxd4 14. Nxe4 dxe4 15. Bxe4 {½-½ (41) Eljanov,P (2720)-Wojtaszek,R (2737) Germany 2017}) 7... Nxc3 8. bxc3 {LiveBook: 4 Games} c5 9. d4 Nc6 10. Bd3 Bxd3 $146 ({Predecessor:} 10... Be4 11. O-O cxd4 12. Nxd4 Bxd3 13. Qxd3 Qd7 14. Bg5 {1-0 (24) Khalifman,A (2614)-Shevchenko,K (2538) Moscow 2018}) 11. Qxd3 Be7 12. dxc5 Bxc5 13. O-O Qd7 14. Re1 Be7 15. Be3 O-O 16. Rad1 Rad8 17. Ng5 Bxg5 18. Bxg5 Rde8 19. f4 h6 20. Bh4 Qg4 21. Bg3 Ne7 22. h3 (22. Rf1 {seems wilder.} g6 23. h3 Qe6 24. Rf3 Rc8 25. Bh4) 22... Qg6 23. Bh4 (23. Qf3 {is more complex.} Rc8 24. Bh4 Nf5 25. Bf2 Ne7 26. Rd2) 23... Qxd3 24. Rxd3 Ng6 25. Bg3 Ne7 26. Bh4 Ng6 27. Bg3 Ne7 28. Bf2 b6 $1 29. g4 Rc8 30. f5 $36 {[%mdl 2048] White is pushing.} Rc4 31. e6 f6 (31... Rfc8 $11) 32. Bd4 $14 Ra4 33. Re2 Rc8 34. Kf2 Kf8 35. Kf3 Nc6 (35... Ra3 $14) 36. Kf4 (36. Kg3 $16) 36... Ke7 (36... Ra3 $1 $11) 37. h4 (37. Kg3 $14) 37... Kd6 38. Kg3 Ra3 39. Rde3 Ne7 40. Rf3 Rf8 (40... Rc4 $11) 41. Ref2 (41. Be3 $16) 41... Nc6 $11 42. g5 Ra4 43. Rf4 Ra3 44. gxh6 gxh6 45. Kg4 Nxd4 46. Rxd4 Rxc3 $2 {[%mdl 4096] Endgame KRR-KRR} ({Black should play} 46... h5+ $1 $11 47. Kxh5 Rh8+ 48. Kg4 (48. Kg6 Rxc3 49. Kxf6 Rg3 $11) 48... Rg8+ 49. Kh5 Rh8+ 50. Kg4 (50. Kg6 Rxc3 51. Kxf6 Rg3 $11) 50... Rg8+ 51. Kf4 Rh8) 47. Rfd2 $2 ({White has to play} 47. Kh5 $16) 47... Rc5 (47... h5+ $11 {keeps the balance.} 48. Kxh5 Rh8+ 49. Kg4 Rg8+ 50. Kf4 Rcg3 51. Rxd5+ Kc6 52. Rd6+ Kc5 53. R6d5+ (53. R2d5+ $2 Kb4 $19) 53... Kc6 54. Rd6+ Kc5 55. R6d5+ (55. R2d5+ $2 Kb4 $19) 55... Kc4 56. R5d4+ Kc5 57. Rd5+) 48. Kh5 $16 Rh8 $2 {[%mdl 8192]} (48... Rg8 $16) 49. Kg6 $18 h5 50. Kxf6 Rf8+ {[#]} 51. Kg6 $1 b5 52. Re2 (52. f6 $142) 52... Ke7 {[#]} 53. Kg5 $2 (53. Rf4 $1 $18) 53... Rg8+ $1 $11 54. Kf4 Kf6 55. e7 Re8 56. Re6+ Kf7 57. Re5 ({White should try} 57. Kg5 $14) 57... Rxe7 {The position is equal.} 58. Rexd5 Rxd5 59. Rxd5 {KR-KR} Rb7 60. Rd6 b4 61. Ra6 b3 62. axb3 Rxb3 63. Rxa7+ Kf6 64. Ra6+ Kf7 65. Kg5 Rg3+ 66. Kxh5 Rg1 67. Kh6 Rf1 68. Kg5 Rg1+ 69. Kf4 Rf1+ 70. Kg4 Rg1+ 71. Kh5 Rf1 72. Kg5 Rg1+ 73. Kh6 Rf1 74. Ra5 {aiming for h5.} Kf6 75. h5 Rh1 76. Rb5 {Strongly threatening Rb6+.} Rh3 77. Rc5 Rh1 78. Ra5 Rh3 79. Ra1 Rh4 80. Rf1 Rh2 81. Rf3 Rh1 82. Rf2 $1 {[%cal Rf2a2]} Rh3 83. Rf1 {Rg1 is the strong threat.} Rh2 84. Rg1 Kxf5 85. Rg6 {And now Rg1 would win.} Rh3 86. Ra6 {Black must now prevent Rg6.} Rh1 87. Rb6 Rh3 88. Rb5+ Kf6 89. Kh7 Ra3 90. Rb7 Kg5 91. h6 {Threatens to win with Kg7.} Ra6 92. Rb5+ Kf6 93. Rb7 Kg5 94. Kg7 Rg6+ 95. Kf7 {Hoping for h7.} Rf6+ 96. Kg7 {Precision: White = 56%, Black = 75%.} 1/2-1/2

[Event "11th Tal Memorial Rapid 2018"]
[Site "Moscow"]
[Date "2018.03.04"]
[Round "9"]
[White "Karjakin, Sergey"]
[Black "Kramnik, Vladimir"]
[Result "1-0"]
[WhiteElo "2763"]
[BlackElo "2800"]
[Annotator "TA"]
[PlyCount "79"]
[EventDate "2018.??.??"]
[EventType "rapid"]
[EventCountry "RUS"]
[SourceTitle "playchess.com"]
[Source "ChessBase"]
[SourceQuality "1"]

{[%evp 14,79,0,-5,2,0,0,6,11,11,7,0,8,6,8,9,5,0,0,-33,4,0,0,0,20,0,0,0,41,15,22,22,43,39,48,47,56,47,99,97,91,97,97,89,87,89,97,91,114,114,123,114,247,233,316,288,371,227,895,883,1075,1031,29985,29986,29979,29980,29998,29999]} 1. b3 d5 2. Bb2 Nf6 3. Nf3 e6 4. e3 Be7 5. c4 O-O 6. Nc3 c5 7. cxd5 Nxd5 8. Qc2 {LiveBook: 16 Games. A13: English Opening: 1...e6} (8. Nxd5 exd5 9. d4 Qa5+ 10. Qd2 Qxd2+ 11. Kxd2 Nc6 12. dxc5 Bxc5 13. Bb5 Bb4+ 14. Ke2 Be6 15. Rac1 Rac8 {1-0 (55) Carlsen,M (2834)-Giri,A (2752) Wijk aan Zee 2018}) 8... b6 9. Nxd5 exd5 10. d4 {The position is equal.} Nc6 $146 ({Find the theoretical novelty and annotate with similar games:} 10... Be6 11. Bd3 h6 12. O-O Nc6 13. Be2 Rc8 14. Qd2 cxd4 15. Nxd4 Nxd4 16. Bxd4 {½-½ (51) Alekseev,E (2622)-Abdusattorov,N (2498) St Petersburg 2017}) 11. Be2 Be6 12. O-O Rc8 13. dxc5 bxc5 14. Rac1 Qb6 15. Rfd1 Rfd8 16. Bd3 h6 (16... Nb4 $5 {[%cal Rb4c2]} 17. Bxh7+ Kh8 $11) 17. Qe2 Nb4 18. Bb1 $1 a5 19. h3 Qa6 20. Qd2 Qb7 21. Ba1 Bf8 22. Qb2 $40 {[%mdl 128] Black needs to defend precisely.} f6 23. Nh4 {[#] a3 is the strong threat.} d4 24. exd4 cxd4 25. Qe2 Bf7 (25... Re8 $14) 26. Rxc8 $16 Qxc8 27. Bxd4 Qe6 28. Be3 Rxd1+ 29. Qxd1 Qd5 30. Qe2 Bc5 31. Nf5 {[#] Hoping for Qg4.} Bf8 32. Qg4 {Threatens to win with Nxh6+.} g5 (32... Kh8 $16 33. Nd4 Qd8) 33. Nd4 $18 h5 34. Qc8 Qc5 35. Qd8 Qc3 $2 (35... Qe7 36. Qc8 Qe5) 36. Be4 Qa1+ 37. Kh2 Kg7 38. Nf5+ {White mates.} Kg8 39. Bd4 Qc1 40. Nh6+ {Precision: White = 74%, Black = 30%.} 1-0

[Event "11th Tal Memorial Rapid 2018"]
[Site "Moscow"]
[Date "2018.03.04"]
[Round "9"]
[White "Nepomniachtchi, Ian"]
[Black "Mamedyarov, Shakhriyar"]
[Result "1/2-1/2"]
[WhiteElo "2751"]
[BlackElo "2809"]
[Annotator "TA"]
[PlyCount "61"]
[EventDate "2018.??.??"]
[EventType "rapid"]
[EventCountry "RUS"]
[SourceTitle "playchess.com"]
[Source "ChessBase"]
[SourceQuality "1"]

{[%evp 17,61,-12,-17,-21,0,0,0,-10,-12,-24,-18,-38,-36,-29,-27,-35,-30,-35,-38,-41,-50,-36,-29,-39,-28,-43,-12,-6,-8,-10,0,0,0,0,0,0,0,0,0,0,0,0,0,0,0,-11]} 1. e4 e5 2. Nf3 Nf6 3. d4 Nxe4 4. dxe5 d5 5. Nbd2 Nxd2 6. Bxd2 Be7 7. Be2 O-O 8. O-O c5 9. Bf4 Nc6 10. Qd2 {B29: Sicilian: 2 Nf3 Nf6 (Nimzowitsch Variation)} Be6 11. c3 Qd7 $146 ({Predecessor:} 11... Qc7) 12. h3 Rad8 13. Rfd1 h6 14. Bd3 Bf5 15. Bg3 Bxd3 16. Qxd3 Qe6 17. a3 b6 18. b4 d4 19. cxd4 Nxd4 20. Nxd4 Rxd4 21. Qa6 Rxd1+ 22. Rxd1 {The position is equal.} cxb4 23. axb4 Bxb4 24. Qxa7 Bc5 25. Kh2 h5 26. h4 Rc8 27. Qb7 Qf5 28. Rd2 Re8 29. Qc6 Rc8 30. Qb7 Re8 31. Qc6 {Precision: White = 65%, Black = 69%.} 1/2-1/2

[Event "11th Tal Memorial Rapid 2018"]
[Site "Moscow"]
[Date "2018.03.04"]
[Round "9"]
[White "Dubov, Daniil"]
[Black "Svidler, Peter"]
[Result "1/2-1/2"]
[WhiteElo "2701"]
[BlackElo "2760"]
[Annotator "TA"]
[PlyCount "33"]
[EventDate "2018.??.??"]
[EventType "rapid"]
[EventCountry "RUS"]
[SourceTitle "playchess.com"]
[Source "ChessBase"]
[SourceQuality "1"]

{[%evp 14,33,41,0,38,20,38,-20,-15,-22,-5,-6,-6,-7,-4,-7,0,-9,25,26,30,18]} 1. d4 d6 2. e4 Nf6 3. Nc3 g6 4. Nf3 Bg7 5. Be3 c6 6. Qd2 b5 7. Bd3 Bg4 8. O-O-O {LiveBook: 3 Games. B08: Pirc Defence: Classical System} (8. Ng1 e5 9. dxe5 dxe5 10. h3 Be6 11. Nf3 Nbd7 12. O-O O-O 13. Ng5 Qe7 14. Nxe6 Qxe6 15. Ne2 Nb6 {0-1 (29) Olszewski,M (2532)-Gashimov,V (2733) Warsaw 2010}) 8... Nbd7 9. Kb1 $146 ({Predecessor:} 9. h3 Bxf3 10. gxf3 a5 11. f4 b4 12. Na4 Nb6 13. Nxb6 Qxb6 14. Kb1 a4 15. f3 Qa5 {½-½ (32) Adams,M (2630)-Hodgson,J (2565) Dublin 1993}) 9... O-O 10. Bh6 ({White should try} 10. h3 $14 Bxf3 11. gxf3) 10... e5 $11 11. Ne2 c5 12. dxe5 Nxe5 13. Nxe5 dxe5 14. Bxg7 Kxg7 15. f3 Bd7 {[#] And now ...c4 would win.} 16. c4 b4 17. Qe3 1/2-1/2

[Event "11th Tal Memorial Rapid 2018"]
[Site "Moscow"]
[Date "2018.03.04"]
[Round "9"]
[White "Gelfand, Boris"]
[Black "Anand, Viswanathan"]
[Result "1/2-1/2"]
[WhiteElo "2695"]
[BlackElo "2776"]
[Annotator "TA"]
[PlyCount "29"]
[EventDate "2018.??.??"]
[EventType "rapid"]
[EventCountry "RUS"]
[SourceTitle "playchess.com"]
[Source "ChessBase"]
[SourceQuality "1"]

{[%evp 9,29,7,16,23,19,18,17,0,0,-6,0,0,0,-10,0,0,0,0,10,-33,-11,-37]} 1. c4 e5 2. Nc3 Bb4 3. Nd5 a5 4. Nf3 (4. g3 Nf6 5. Bg2 Nxd5 6. cxd5 O-O 7. a3 Bc5 8. d3 c6 9. Nf3 Re8 10. dxc6 Nxc6 11. O-O d5 {½-½ (114) Howell,D (2676)-Artemiev,V (2691) Riadh 2017}) 4... d6 5. a3 Bc5 {LiveBook: 5 Games} 6. e3 {A21: English Opening: 1...e5 2 Nc3} Nf6 7. d4 Nxd5 8. dxc5 $146 ({Predecessor:} 8. cxd5 exd4 9. exd4 Bb6 10. Bg5 f6 11. Be3 O-O {½-½ (44) Morley,P (2368)-Biedermann,T (2433) ICCF email 2017}) 8... Nf6 9. cxd6 cxd6 10. Be2 {[%cal Bf1e2,Be2b5,Bb5c6][%mdl 32]} O-O 11. O-O Bf5 12. c5 Nc6 13. cxd6 Ne4 14. Bb5 {next Bxc6 is good for White.} Re8 15. Bxc6 1/2-1/2